Catálogo
 En Linea

Matemática en la educación primaria / (Registro nro. 50947)

Detalles MARC
000 -CABECERA
campo de control de longitud fija 01226nam a22003377a 4500
003 - IDENTIFICADOR DEL NÚMERO DE CONTROL
campo de control DO-SdBNP
005 - FECHA Y HORA DE LA ÚLTIMA TRANSACCIÓN
campo de control 20211112114728.0
007 - CAMPO FIJO DE DESCRIPCIÓN FÍSICA--INFORMACIÓN GENERAL
campo de control de longitud fija ta
008 - DATOS DE LONGITUD FIJA--INFORMACIÓN GENERAL
campo de control de longitud fija 211112b2017 a|||e |||| 001 0 spa d
020 ## - NÚMERO INTERNACIONAL ESTÁNDAR DEL LIBRO
Número Internacional Estándar del Libro 9789945580426
040 ## - FUENTE DE LA CATALOGACIÓN
Centro catalogador/agencia de origen DO-SdBNP
Lengua de catalogación spa
Centro/agencia transcriptor BNPHU
082 4# - NÚMERO DE LA CLASIFICACIÓN DECIMAL DEWEY
Número de edición 22
Número de clasificación 372.7
Número de documento/Ítem G633m
100 ## - ENTRADA PRINCIPAL--NOMBRE DE PERSONA
9 (RLIN) 80564
Nombre de persona Gómez López, Nelson
245 10 - MENCIÓN DE TÍTULO
Título Matemática en la educación primaria /
Mención de responsabilidad, etc. Nelson Gómez López ; editor Lennys Tejada Betancourt
260 ## - PUBLICACIÓN, DISTRIBUCIÓN, ETC.
Lugar de publicación, distribución, etc. Santiago de los Caballeros, Rep. Dom. :
Nombre del editor, distribuidor, etc. UAPA,
Fecha de publicación, distribución, etc. 2017.
300 ## - DESCRIPCIÓN FÍSICA
Extensión 254 p. :
Otras características físicas il.;
Dimensiones 27 cm
490 ## - MENCIÓN DE SERIE
Mención de serie Autoaprendizaje ;
Designación de volumen o secuencia v.3
504 ## - NOTA DE BIBLIOGRAFÍA, ETC.
Nota de bibliografía, etc. Bibliográfía : p. 252-254.
505 ## - NOTA DE CONTENIDO CON FORMATO
Nota de contenido con formato Unidad I. Introducción a la lógica.
505 ## - NOTA DE CONTENIDO CON FORMATO
Nota de contenido con formato Unidad II. Relaciones especiales.
505 ## - NOTA DE CONTENIDO CON FORMATO
Nota de contenido con formato Unidad III. Conjuntos y elementos..
505 ## - NOTA DE CONTENIDO CON FORMATO
Nota de contenido con formato Unidad IV. Los números naturales.
505 ## - NOTA DE CONTENIDO CON FORMATO
Nota de contenido con formato Unidad V. Operaciones fundamentales en el conjunto de los números naturales (N).
505 ## - NOTA DE CONTENIDO CON FORMATO
Nota de contenido con formato Unidad VI. Los números romanos.
505 ## - NOTA DE CONTENIDO CON FORMATO
Nota de contenido con formato Bibliografía general .
590 ## - NOTA LOCAL (RLIN)
Nota local Inventariado, 2021 / SA
650 40 - PUNTO DE ACCESO ADICIONAL DE MATERIA--TÉRMINO DE MATERIA
9 (RLIN) 43570
Término de materia o nombre geográfico como elemento de entrada Matemática
Subdivisión general Enseñanza primaria
700 1# - PUNTO DE ACCESO ADICIONAL--NOMBRE DE PERSONA
Nombre de persona Tejada Betancourt, Lennys
Término indicativo de función/relación editor
9 (RLIN) 79591
910 ## - DATOS DE OPCIÓN DEL USUARIO (OCLC)
Datos de opción del usuario Saquino
942 ## - ELEMENTOS DE PUNTO DE ACCESO ADICIONAL (KOHA)
Fuente del sistema de clasificación o colocación Dewey Decimal Classification
Tipo de ítem Koha Libro
Existencias
Estado de retiro Estado de pérdida Fuente del sistema de clasificación o colocación Restricciones de uso No para préstamo Código de colección Localización permanente Ubicación/localización actual Ubicación en estantería Fecha de adquisición Fuente de adquisición Total de préstamos Signatura topográfica completa Código de barras Fecha visto por última vez Número de copia Precio válido a partir de Tipo de ítem Koha Nota pública
    Dewey Decimal Classification   Préstamo en sala Monografías: Libros y Folletos Biblioteca Nacional Pedro Henríquez Ureña Dominicana En catalogación 21.03.2019 Donado   BNPHU DS 372.7 G633m 2021-28072 12.11.2021 V.3, e.3 12.11.2021 Libro S/A
    Dewey Decimal Classification Excluido de préstamo   Monografías: Libros y Folletos Biblioteca Nacional Pedro Henríquez Ureña Patrimonio Dominicano En catalogación 21.03.2019 Donado   BNPHU PD 372.7 G633m 2021-28070 12.11.2021 v.3 12.11.2021 Libro S/A
    Dewey Decimal Classification Excluido de préstamo   Monografías: Libros y Folletos Biblioteca Nacional Pedro Henríquez Ureña Patrimonio Dominicano En catalogación 21.03.2019 Donado   BNPHU PD 372.7 G633m 2021-28071 12.11.2021 v.3, e.2 12.11.2021 Libro S/A

Con tecnología Koha